书目信息 |
| 题名: |
唐·吉诃德
|
|
| 作者: | 塞万提斯 著 ;杨玲玲 编译 | |
| 分册: | ||
| 出版信息: | 汕头 汕头大学出版社 2018 |
|
| 页数: | 182页 | |
| 开本: | 23cm | |
| 丛书名: | 名家名译 | |
| 单 册: | ||
| 中图分类: | I551.43 | |
| 科图分类: | ||
| 主题词: | 长篇小说--西班牙--中世纪 | |
| 电子资源: | ||
| ISBN: | 978-7-5658-3380-9 | |
| 000 | 01157oam2 2200277 450 | |
| 001 | 2345268591 | |
| 005 | 20231110144338.14 | |
| 010 | @a978-7-5658-3380-9@b精装@dCNY59.80 | |
| 100 | @a20190226d2018 em y0chiy50 ea | |
| 101 | 1 | @achi@cspa |
| 102 | @aCN@b440000 | |
| 105 | @ay z 000ay | |
| 200 | 1 | @a唐·吉诃德@Atang · ji he de@f(西)塞万提斯著@g杨玲玲编译 |
| 210 | @a汕头@c汕头大学出版社@d2018 | |
| 215 | @a182页@d23cm | |
| 225 | 2 | @a名家名译 |
| 312 | @a封面西班牙文题名:Don Quijote de la mancha | |
| 330 | @a本书描写一个穷乡绅读骑士传奇小说入了迷,改名唐·吉诃德,找了一个农民做侍从,出门游侠,妄想建立骑士的丰功伟绩,一路上闹了许多笑话,吃了不少苦头,最后狼狈地死去。作者在描写唐·吉诃德出外游侠的过程中,刻画了当时西班牙社会生活的图景,揭露了封建统治的黑暗腐败,表达了文艺复兴时期具有进步意义的人文主义思想。 | |
| 461 | 0 | @12001 @a名家名译 |
| 510 | 1 | @aDon Quijote de la mancha@zspa |
| 606 | 0 | @a长篇小说@y西班牙@z中世纪 |
| 690 | @aI551.43@v5 | |
| 701 | 0 | @c(西)@a塞万提斯@Asai wan ti si@c(Cervantes Saavedra, Miguel de@f1547-1616)@4著 |
| 702 | 0 | @a杨玲玲@Ayang ling ling@4编译 |
| 801 | 0 | @aCN@b安徽时代@c20230923 |
| 905 | @aBZT@dI551.43@e11 | |
| 唐·吉诃德/(西)塞万提斯著/杨玲玲编译.-汕头:汕头大学出版社,2018 |
| 182页;23cm.-(名家名译) |
| ISBN 978-7-5658-3380-9(精装):CNY59.80 |
| 本书描写一个穷乡绅读骑士传奇小说入了迷,改名唐·吉诃德,找了一个农民做侍从,出门游侠,妄想建立骑士的丰功伟绩,一路上闹了许多笑话,吃了不少苦头,最后狼狈地死去。作者在描写唐·吉诃德出外游侠的过程中,刻画了当时西班牙社会生活的图景,揭露了封建统治的黑暗腐败,表达了文艺复兴时期具有进步意义的人文主义思想。 |
| ● |
| 相关链接 |
|
|
|
正题名:唐·吉诃德
索取号:I551.43/11
 
预约/预借
| 序号 | 登录号 | 条形码 | 馆藏地/架位号 | 状态 | 备注 |
| 1 | 2000916487 | 2000916487 | 第四书库/四37架A面4层5列/ [索取号:I551.43/11] | 在馆 | |
| 2 | 2000916488 | 2000916488 | 第四书库/四37架A面4层5列/ [索取号:I551.43/11] | 在馆 | |
| 3 | 2000916489 | 2000916489 | 第四书库/四37架A面4层5列/ [索取号:I551.43/11] | 在馆 | |
| 4 | 2000916490 | 2000916490 | 第四书库/四37架A面4层5列/ [索取号:I551.43/11] | 在馆 | |
| 5 | 2000916491 | 2000916491 | 第四书库/四37架A面4层5列/ [索取号:I551.43/11] | 在馆 | |
| 6 | 2000916492 | 2000916492 | 第四书库/四37架A面4层5列/ [索取号:I551.43/11] | 在馆 |